[Event "LXVI C.to Italiano"]
[Site "Cremona ITA"]
[Date "2006.11.23"]
[Round "2"]
[White "Sarno, Spartaco"]
[Black "Borgo, Giulio"]
[Result "0-1"]
[WhiteElo "2354"]
[BlackElo "2420"]
[PlyCount "90"]
[EventDate "2006.11.22"]

1.c4 c5 2.g3 g6 3.Bg2 Bg7 4.Nc3 Nc6 5.e3 Nh6 6.h4 Nf5 7.h5 Rb8 8.b3 b5 9.
cxb5 Nb4 10.g4 Nd6 11.a4 a6 12.h6 Bf6 13.d4 Qa5 14.Nge2 Nxb5 15.O-O Nxc3 
16.Nxc3 cxd4 17.Ne4 d3 18.Nxf6+ exf6 19.Bb2 Qg5 20.Qf3 Bb7 21.Qxf6 Qxf6 
22.Bxf6 Bxg2 23.Kxg2 O-O 24.Rfd1 Rfc8 25.g5 Kf8 26.Be5 Rb6 27.Rab1 Ke7 28.
e4 Ke6 29.Bd4 Rd6 30.Bg7 Rdc6 31.Bb2 Rb8 32.Kf3 Rc2 33.Ke3 Re2+ 34.Kf3 Rc2
35.Ke3 d5 36.exd5+ Kxd5 37.Ba3 Re2+ 38.Kf3 Kd4 39.Bb2+ Rxb2 40.Rxb2 Kc3 
41.Rbd2 Re8 42.Kf4 a5 43.f3 Re2 44.Rxe2 dxe2 45.Rg1 Kd4 0-1

[Event "LXVI C.to Italiano"]
[Site "Cremona ITA"]
[Date "2006.11.24"]
[Round "3"]
[White "Borgo, Giulio"]
[Black "Garcia Palermo, Carlos Horacio"]
[Result "1/2-1/2"]
[WhiteElo "2420"]
[BlackElo "2452"]
[PlyCount "31"]
[EventDate "2006.11.22"]

1.e4 e5 2.Nf3 Nc6 3.d4 exd4 4.Nxd4 Bb4+ 5.c3 Bc5 6.Be3 Bb6 7.g3 Nf6 8.Bg2 
O-O 9.O-O Re8 10.Re1 d5 11.Nxc6 bxc6 12.Bxb6 axb6 13.exd5 cxd5 14.Rxe8+ 
Qxe8 15.Na3 Bg4 16.Qd2 1/2-1/2

[Event "LXVI C.to Italiano"]
[Site "Cremona ITA"]
[Date "2006.11.24"]
[Round "3"]
[White "Godena, Michele"]
[Black "Caruana, Fabiano"]
[Result "1-0"]
[WhiteElo "2522"]
[BlackElo "2474"]
[PlyCount "69"]
[EventDate "2006.11.22"]

1.e4 c5 2.Nf3 e6 3.c3 Nf6 4.e5 Nd5 5.Bc4 d6 6.d4 cxd4 7.cxd4 Nc6 8.O-O Be7
9.Qe2 O-O 10.Re1 Na5 11.Bd3 Nb4 12.exd6 Qxd6 13.Be4 f5 14.Bd3 Nxd3 15.Qxd3
b6 16.Nc3 Bb7 17.d5 Rad8 18.Bg5 Bf6 19.Rad1 exd5 20.Nb5 Ba6 21.Nxd6 Bxd3 
22.Bxf6 gxf6 23.Rxd3 Rxd6 24.Nd4 Nc6 25.Nxf5 Rdd8 26.f4 Rfe8 27.Rxe8+ Rxe8
28.Rxd5 Re2 29.Rd6 Na5 30.Rd8+ Kf7 31.Rd7+ Kg8 32.Rg7+ Kf8 33.Rxh7 Rxb2 
34.h4 Rb5 35.Rh8+ 1-0

[Event "LXVI C.to Italiano"]
[Site "Cremona ITA"]
[Date "2006.11.24"]
[Round "3"]
[White "Scalcione, Michelangelo"]
[Black "Sarno, Spartaco"]
[Result "1-0"]
[WhiteElo "2325"]
[BlackElo "2354"]
[PlyCount "135"]
[EventDate "2006.11.22"]

1.Nf3 Nf6 2.c4 d6 3.d4 Nbd7 4.Nc3 e5 5.e4 Be7 6.Be2 O-O 7.O-O c6 8.Re1 Qc7
9.Bf1 Re8 10.Rb1 Nf8 11.h3 Ng6 12.d5 c5 13.a3 h6 14.b4 b6 15.Bd2 Rf8 16.
Bd3 Nh7 17.bxc5 bxc5 18.Qa4 a6 19.Qc6 Qa7 20.Ne2 Bd7 21.Qb7 Bd8 22.Ng3 Ne7
23.Qb2 Bc7 24.Qc1 Kh8 25.Nh4 Rab8 26.Nh5 Rxb1 27.Bxb1 g5 28.Nf5 Nxf5 29.
exf5 f6 30.Ng3 Rb8 31.Bc2 Rb7 32.Bc3 Qb8 33.Qd1 Qd8 34.Qd2 Nf8 35.h4 Be8 
36.hxg5 hxg5 37.Ne4 Bb8 38.f3 Rh7 39.Kf2 Nd7 40.Ba4 Bc7 41.Rb1 Kg7 42.Rb7 
Rh1 43.Qb2 Kf8 44.Ra7 Ba5 45.Bxd7 Bxc3 46.Nxc3 Rh7 47.Bxe8 Rxa7 48.Bg6 Qc7
49.Qb1 Rb7 50.Qh1 Rb2+ 51.Kg3 Qg7 52.Ne4 Ke7 53.Qh5 Rb8 54.Qh1 Qh8 55.Bh5 
a5 56.Kg4 Rb3 57.Qe1 Qd8 58.Qc1 Kd7 59.Qc2 a4 60.Nd2 Rxa3 61.Qb2 Rd3 62.
Qb5+ Ke7 63.Ne4 a3 64.Nxd6 Qd7 65.Qb8 Qd8 66.Nc8+ Kd7 67.Nb6+ Ke7 68.Qb7+ 
1-0

[Event "LXVI C.to Italiano"]
[Site "Cremona ITA"]
[Date "2006.11.24"]
[Round "3"]
[White "Vocaturo, Daniele"]
[Black "Contin, Daniel"]
[Result "1-0"]
[WhiteElo "2441"]
[BlackElo "2386"]
[PlyCount "115"]
[EventDate "2006.11.22"]

1.e4 e6 2.d4 d5 3.Nc3 Bb4 4.e5 c5 5.a3 Bxc3+ 6.bxc3 Qa5 7.Bd2 Qa4 8.h4 Ne7
9.h5 h6 10.Qg4 Rg8 11.Bd3 Kf8 12.Qf4 Nbc6 13.dxc5 Qxf4 14.Bxf4 b6 15.cxb6 
axb6 16.Nf3 Ba6 17.Be3 Bxd3 18.cxd3 Ra6 19.Ke2 Nf5 20.Bd2 Ke8 21.Rhb1 Kd7 
22.Rb3 Kc7 23.g4 Nfe7 24.Be3 Rga8 25.c4 Rd8 26.Rab1 Nc8 27.Rc1 d4 28.Bf4 
Na5 29.Rb4 Nc6 30.Rb5 Rxa3 31.Nd2 N8a7 32.Rb2 Rb8 33.Rcb1 Rb7 34.Ne4 Nc8 
35.Bg3 Ra5 36.Nd6 Nxd6 37.exd6+ Kd7 38.Rxb6 Rxb6 39.Rxb6 e5 40.Rb7+ Ke6 
41.Rc7 Ra2+ 42.Kf1 Kxd6 43.Rxf7 Nb4 44.Rxg7 Nxd3 45.g5 Nf4 46.Bxf4 exf4 
47.gxh6 f3 48.Ke1 Re2+ 49.Kd1 Re5 50.Rg6+ Kd7 51.Rg4 Rxh5 52.Rxd4+ Kc6 53.
Kd2 Rxh6 54.Ke3 Kc5 55.Re4 Rh3 56.Kf4 Rh4+ 57.Kxf3 Rh3+ 58.Kg4 1-0

[Event "LXVI C.to Italiano"]
[Site "Cremona ITA"]
[Date "2006.11.25"]
[Round "4"]
[White "Bruno, Fabio"]
[Black "Borgo, Giulio"]
[Result "0-1"]
[WhiteElo "2408"]
[BlackElo "2420"]
[PlyCount "70"]
[EventDate "2006.11.22"]

1.d4 c5 2.d5 g6 3.e4 Bg7 4.Nc3 d6 5.f4 a6 6.a4 Nf6 7.Nf3 Bg4 8.Bc4 Nbd7 9.
O-O O-O 10.Re1 Ne8 11.h3 Bxf3 12.Qxf3 Nc7 13.Ra3 Rb8 14.Rb3 b5 15.axb5 Nb6
16.Bf1 c4 17.Rb4 axb5 18.Be3 Nd7 19.e5 dxe5 20.d6 exd6 21.Qc6 exf4 22.Bxf4
Rb6 23.Qf3 Na6 24.Nd5 Nxb4 25.Nxb4 d5 26.Nxd5 Re6 27.Rd1 Ne5 28.Qa3 Nd3 
29.Ne3 Qd4 30.cxd3 Qxf4 31.Ng4 h5 32.Nh2 Bd4+ 33.Kh1 Re3 34.g3 Rxg3 35.Bg2
Qf2 0-1

[Event "LXVI C.to Italiano"]
[Site "Cremona ITA"]
[Date "2006.11.25"]
[Round "4"]
[White "Contin, Daniel"]
[Black "Brunello, Sabino"]
[Result "1-0"]
[WhiteElo "2386"]
[BlackElo "2460"]
[PlyCount "77"]
[EventDate "2006.11.22"]

1.Nf3 Nf6 2.g3 b6 3.Bg2 Bb7 4.c4 e6 5.O-O Be7 6.b3 O-O 7.Bb2 d5 8.e3 c5 9.
Qe2 dxc4 10.bxc4 Nc6 11.d3 Qc7 12.Nbd2 Rfd8 13.Ne1 Nb4 14.Ndf3 Nd7 15.a3 
Nc6 16.d4 Na5 17.Nd2 Bxg2 18.Kxg2 Nf6 19.Nef3 Rac8 20.Rac1 Qb7 21.Kg1 Ne4 
22.Nxe4 Qxe4 23.Nd2 Qg6 24.f4 Bf6 25.Nf3 Qe4 26.Nd2 Qg6 27.Nf3 Qe4 28.Nd2 
Qb7 29.f5 cxd4 30.exd4 exf5 31.Rxf5 Bxd4+ 32.Bxd4 Rxd4 33.Rcf1 Rdd8 34.Ne4
f6 35.R1f4 Qd7 36.Rd5 Qc7 37.Nxf6+ gxf6 38.Qe6+ Qf7 39.Rg5+ 1-0

[Event "LXVI C.to Italiano"]
[Site "Cremona ITA"]
[Date "2006.11.25"]
[Round "4"]
[White "Garcia Palermo, Carlos Horacio"]
[Black "Scalcione, Michelangelo"]
[Result "1/2-1/2"]
[WhiteElo "2452"]
[BlackElo "2325"]
[PlyCount "81"]
[EventDate "2006.11.22"]

1.d4 d6 2.Nf3 Nf6 3.g3 g6 4.Bg2 Bg7 5.O-O O-O 6.Re1 Nc6 7.e4 e5 8.c3 Nh5 
9.h3 a5 10.Na3 Bd7 11.Kh2 Rb8 12.Bg5 f6 13.Be3 b5 14.Qd2 Ne7 15.Bh6 Bxh6 
16.Qxh6 Kh8 17.Nc2 Ng7 18.Qd2 Nc8 19.Ne3 Nb6 20.b3 Qe7 21.c4 a4 22.Nd5 
Nxd5 23.cxd5 c6 24.dxc6 Bxc6 25.Rac1 Rfc8 26.Qb4 Be8 27.Red1 Rxc1 28.Rxc1 
axb3 29.axb3 Bd7 30.Rc7 Re8 31.Ra7 Ne6 32.Qd2 Rd8 33.h4 Qe8 34.b4 Nf8 35.
Qh6 Ra8 36.Rxa8 Qxa8 37.h5 Kg8 38.hxg6 hxg6 39.Nh4 Qe8 40.Qd2 Kg7 41.Nf3 
1/2-1/2

[Event "LXVI C.to Italiano"]
[Site "Cremona ITA"]
[Date "2006.11.25"]
[Round "4"]
[White "Godena, Michele"]
[Black "Manca, Federico"]
[Result "1/2-1/2"]
[WhiteElo "2522"]
[BlackElo "2425"]
[PlyCount "52"]
[EventDate "2006.11.22"]

1.e4 g6 2.d4 Bg7 3.Nf3 d6 4.Nc3 Nf6 5.h3 O-O 6.Be3 a6 7.Bd3 Nc6 8.d5 Ne5 
9.Be2 b5 10.a3 Bb7 11.O-O Re8 12.Re1 e6 13.Nxe5 dxe5 14.dxe6 Rxe6 15.Qxd8+
Rxd8 16.Red1 Red6 17.f3 Nh5 18.Rxd6 Rxd6 19.Rd1 Rxd1+ 20.Nxd1 Nf4 21.Bf1 
Ne6 22.c4 c6 23.Nf2 Bf8 24.Ng4 Bg7 25.Nf2 Bf8 26.Ng4 Bg7 1/2-1/2

[Event "LXVI C.to Italiano"]
[Site "Cremona ITA"]
[Date "2006.11.25"]
[Round "4"]
[White "Sarno, Spartaco"]
[Black "Vocaturo, Daniele"]
[Result "1-0"]
[WhiteElo "2354"]
[BlackElo "2441"]
[PlyCount "77"]
[EventDate "2006.11.22"]

1.c4 e5 2.Nc3 d6 3.Nf3 f5 4.d4 e4 5.Ng5 Be7 6.Nh3 c6 7.e3 Nf6 8.Nf4 O-O 9.
h4 Na6 10.Be2 Nc7 11.d5 Nd7 12.g4 fxg4 13.Nxe4 Ne5 14.b3 cxd5 15.Nxd5 Bf5 
16.Nxe7+ Qxe7 17.Qxd6 Qe8 18.Ng3 Na6 19.Bb2 Nd3+ 20.Bxd3 Rd8 21.Nxf5 Rxf5 
22.Qg3 Rxd3 23.Qxg4 Qd7 24.Rg1 g6 25.e4 Rf7 26.Qxd7 Rfxd7 27.h5 Nc5 28.
hxg6 Nxe4 29.gxh7+ Kxh7 30.Rg4 Re7 31.Ke2 Rh3 32.Kf1 Rh2 33.Kg1 Nxf2 34.
Rg3 Ng4 35.Ba3 Re5 36.Rxg4 Reh5 37.Rf1 Rh1+ 38.Kg2 R5h2+ 39.Kg3 1-0

[Event "LXVI C.to Italiano"]
[Site "Cremona ITA"]
[Date "2006.11.26"]
[Round "5"]
[White "Borgo, Giulio"]
[Black "Godena, Michele"]
[Result "1/2-1/2"]
[WhiteElo "2420"]
[BlackElo "2522"]
[PlyCount "29"]
[EventDate "2006.11.22"]

1.e4 e5 2.Nf3 Nc6 3.Bb5 a6 4.Ba4 Nf6 5.O-O b5 6.Bb3 Bc5 7.Nxe5 Nxe5 8.d4 
Bxd4 9.Qxd4 d6 10.f4 c5 11.Qd2 c4 12.fxe5 Qb6+ 13.Qe3 Qxe3+ 14.Bxe3 dxe5 
15.Bh6 1/2-1/2

[Event "LXVI C.to Italiano"]
[Site "Cremona ITA"]
[Date "2006.11.26"]
[Round "5"]
[White "Brunello, Sabino"]
[Black "Sarno, Spartaco"]
[Result "1/2-1/2"]
[WhiteElo "2460"]
[BlackElo "2354"]
[PlyCount "52"]
[EventDate "2006.11.22"]

1.e4 d6 2.d4 Nf6 3.Nc3 g6 4.Be3 Bg7 5.Qd2 O-O 6.f3 c6 7.Bh6 b5 8.h4 Bxh6 
9.Qxh6 e5 10.O-O-O Qe7 11.h5 Nbd7 12.Nh3 Rd8 13.dxe5 dxe5 14.hxg6 fxg6 15.
Qg5 Rf8 16.Qd2 Nc5 17.Qd6 Qxd6 18.Rxd6 Bxh3 19.Rxh3 Rac8 20.Rh1 Ne8 21.Rd2
Rc7 22.Nd1 Rff7 23.Ne3 Nf6 24.Rd6 Kg7 25.Be2 Rfd7 26.Rhd1 Kf7 1/2-1/2

[Event "LXVI C.to Italiano"]
[Site "Cremona ITA"]
[Date "2006.11.26"]
[Round "5"]
[White "Manca, Federico"]
[Black "Caruana, Fabiano"]
[Result "1/2-1/2"]
[WhiteElo "2425"]
[BlackElo "2474"]
[PlyCount "45"]
[EventDate "2006.11.22"]

1.e4 e6 2.d4 d5 3.exd5 exd5 4.c4 Bb4+ 5.Nc3 Nf6 6.Bd3 O-O 7.Ne2 Bg4 8.O-O 
c5 9.Nxd5 Nxd5 10.cxd5 Qxd5 11.Nf4 Qd7 12.Qc2 cxd4 13.Bxh7+ Kh8 14.h3 Be6 
15.Be4 Nc6 16.Qe2 g6 17.Bxc6 bxc6 18.Qe5+ Kh7 19.Nh5 gxh5 20.Qxh5+ Kg8 21.
Qg5+ Kh7 22.Qh5+ Kg8 23.Qg5+ 1/2-1/2

[Event "LXVI C.to Italiano"]
[Site "Cremona ITA"]
[Date "2006.11.26"]
[Round "5"]
[White "Piscopo, Pierluigi"]
[Black "Contin, Daniel"]
[Result "1-0"]
[WhiteElo "2380"]
[BlackElo "2386"]
[PlyCount "139"]
[EventDate "2006.11.22"]

1.e4 e6 2.d3 c5 3.Nf3 Nc6 4.g3 Nge7 5.h4 d5 6.Qe2 dxe4 7.dxe4 e5 8.c3 Bg4 
9.Be3 Qc7 10.Bg2 Nc8 11.Na3 a6 12.Nc2 Nb6 13.Bc1 f6 14.Ne3 Be6 15.Nd2 Qf7 
16.b3 Rd8 17.Ndc4 Nxc4 18.bxc4 Qc7 19.O-O Qa5 20.Qc2 b5 21.cxb5 axb5 22.
Nd5 Bd6 23.Be3 O-O 24.a3 Rc8 25.Rfd1 Rfd8 26.Rd2 Bf8 27.Qd1 Ne7 28.a4 Nxd5
29.exd5 Bf7 30.axb5 Qxb5 31.Qa4 Qxa4 32.Rxa4 c4 33.Ra6 Rb8 34.Rc6 Rb5 35.
d6 Be6 36.Bb6 Rd7 37.Bc7 Rb3 38.Rc2 Rb1+ 39.Kh2 Rd1 40.Bf3 Bd5 41.Bxd1 
Bxc6 42.Rd2 f5 43.Be2 Kf7 44.Bxc4+ Kf6 45.Bb3 g5 46.hxg5+ Kxg5 47.c4 Rg7 
48.c5 Rg6 49.Bd5 Bb5 50.Bd8+ Kh6 51.Bb7 e4 52.Bc7 Kg5 53.c6 Kg4 54.d7 Be7 
55.Rd6 Rg5 56.d8=Q Rh5+ 57.Kg1 Bxd8 58.Bxd8 Be2 59.c7 Rh3 60.Bxe4 Bf3 61.
Bxf3+ Kxf3 62.Rd3+ Kg4 63.c8=Q Rh5 64.Kg2 Rg5 65.Rd4+ Kh5 66.Rh4+ Kg6 67.
Qe6+ Kg7 68.Qf6+ Kg8 69.Qxg5+ Kh8 70.Bf6# 1-0

[Event "LXVI C.to Italiano"]
[Site "Cremona ITA"]
[Date "2006.11.26"]
[Round "5"]
[White "Scalcione, Michelangelo"]
[Black "Bruno, Fabio"]
[Result "0-1"]
[WhiteElo "2325"]
[BlackElo "2408"]
[PlyCount "94"]
[EventDate "2006.11.22"]

1.Nf3 c5 2.c4 Nf6 3.g3 b6 4.Bg2 Bb7 5.O-O e6 6.Nc3 Be7 7.Re1 Ne4 8.Nxe4 
Bxe4 9.d3 Bb7 10.e4 d6 11.d4 cxd4 12.Nxd4 O-O 13.b3 a6 14.Bb2 Nd7 15.Qd2 
Re8 16.Rad1 Qc7 17.Kh1 Rad8 18.g4 Ne5 19.g5 Ng6 20.Qc3 e5 21.Nf5 Bxg5 22.
Qg3 Be7 23.Bf3 Bf8 24.Rg1 Re6 25.Qg5 Kh8 26.Qd2 Rf6 27.Rg5 Rxf5 28.Rxf5 
Nh4 29.Qe2 Nxf5 30.exf5 b5 31.Rc1 Qd7 32.Kg1 f6 33.Qd3 bxc4 34.bxc4 Rc8 
35.Bd5 Qc7 36.Qe4 Rb8 37.Rc3 Bxd5 38.cxd5 Qa5 39.Rb3 Rxb3 40.axb3 Qd2 41.
Qc4 Qg5+ 42.Kf1 Qxf5 43.Bc3 Kg8 44.Be1 h5 45.Ba5 Qh3+ 46.Ke1 Qxh2 47.b4 
Qg1+ 0-1

[Event "LXVI C.to Italiano"]
[Site "Cremona ITA"]
[Date "2006.11.26"]
[Round "5"]
[White "Vocaturo, Daniele"]
[Black "Garcia Palermo, Carlos Horacio"]
[Result "1-0"]
[WhiteElo "2441"]
[BlackElo "2452"]
[PlyCount "95"]
[EventDate "2006.11.22"]

1.e4 c6 2.d4 d5 3.Nc3 dxe4 4.Nxe4 Bf5 5.Ng3 Bg6 6.h4 h6 7.Nf3 Nf6 8.Ne5 
Bh7 9.Bd3 Bxd3 10.Qxd3 e6 11.Bd2 Be7 12.O-O-O c5 13.Qb5+ Nbd7 14.dxc5 Qc7 
15.Rhe1 a6 16.Qa4 Bxc5 17.Ba5 b6 18.Nh5 O-O-O 19.Nxd7 Nxd7 20.Bc3 Bxf2 21.
Qxa6+ Qb7 22.Qxb7+ Kxb7 23.Rf1 Bxh4 24.Rxf7 Kc6 25.Nxg7 Bg5+ 26.Kb1 Nc5 
27.Re1 Bd2 28.Bxd2 Rxd2 29.Nxe6 Rxg2 30.Nd4+ Kd5 31.Ne2 Kc6 32.Nc3 Rg6 33.
Rfe7 b5 34.R7e5 Rg5 35.b4 Nd7 36.Re6+ Kc7 37.Re7 Kd8 38.Rf7 Re8 39.Rd1 Re7
40.Rf8+ Re8 41.Rf6 Re3 42.Kb2 Kc8 43.Rxh6 Ne5 44.Nxb5 Nc4+ 45.Kc1 Re4 46.
Rc6+ Kb8 47.Rd8+ Kb7 48.Rxc4 1-0

[Event "LXVI C.to Italiano"]
[Site "Cremona ITA"]
[Date "2006.11.27"]
[Round "6"]
[White "Bruno, Fabio"]
[Black "Vocaturo, Daniele"]
[Result "1/2-1/2"]
[WhiteElo "2408"]
[BlackElo "2441"]
[PlyCount "115"]
[EventDate "2006.11.22"]

1.Nf3 d6 2.d4 Nf6 3.c4 g6 4.Nc3 Bg7 5.e4 O-O 6.Be3 Na6 7.h3 c5 8.d5 e6 9.
Bd3 exd5 10.exd5 Nc7 11.O-O b5 12.cxb5 Ncxd5 13.Nxd5 Nxd5 14.Bg5 Nf6 15.
Be4 Rb8 16.Bc6 Bb7 17.Bf4 Bxc6 18.bxc6 Ne8 19.Qd5 Qc7 20.Rac1 Qb6 21.Nd2 
Rc8 22.Nc4 Qxc6 23.Rfd1 Bd4 24.Qxc6 Rxc6 25.b4 Ra6 26.a3 f6 27.Bg3 g5 28.
b5 Ra4 29.Nxd6 f5 30.Nxe8 f4 31.Bxf4 Rxf4 32.Rc2 Rxa3 33.Nc7 Re4 34.Na6 c4
35.Kh1 Rd3 36.Rxd3 cxd3 37.Rd2 Bxf2 38.Rxd3 Re5 39.Rb3 Bb6 40.g4 Kf7 41.
Kg2 Ke6 42.Rc3 Kd5 43.Rc6 Ke4 44.Nc7 Kd3 45.Na8 Re2+ 46.Kh1 Re1+ 47.Kg2 
Re2+ 48.Kh1 Be3 49.b6 axb6 50.Nxb6 Bf4 51.Nd5 Be5 52.Re6 Kd4 53.Ne7 Ke4 
54.Nc6 Kd5 55.Rxe5+ Rxe5 56.Nxe5 Kxe5 57.Kg2 Ke4 58.Kf2 1/2-1/2

[Event "LXVI C.to Italiano"]
[Site "Cremona ITA"]
[Date "2006.11.27"]
[Round "6"]
[White "Godena, Michele"]
[Black "Scalcione, Michelangelo"]
[Result "1-0"]
[WhiteElo "2522"]
[BlackElo "2325"]
[PlyCount "139"]
[EventDate "2006.11.22"]

1.e4 d6 2.d4 Nf6 3.Nd2 e5 4.c3 Be7 5.Bd3 O-O 6.Ne2 Nc6 7.O-O d5 8.exd5 
Nxd5 9.Nf3 exd4 10.Nexd4 Nxd4 11.Nxd4 Bf6 12.Qh5 g6 13.Qf3 c6 14.Bc4 Nb6 
15.Bb3 Bg5 16.Qg3 Bxc1 17.Raxc1 Bd7 18.f4 Qc7 19.Qg5 Qd8 20.Qh6 Qf6 21.f5 
c5 22.Ne6 fxe6 23.fxe6 Qe7 24.exd7+ c4 25.Bc2 Nxd7 26.Rfe1 Qc5+ 27.Qe3 
Rae8 28.Qxc5 Nxc5 29.b4 cxb3 30.axb3 a5 31.b4 axb4 32.cxb4 Na6 33.Bb3+ Kh8
34.Rxe8 Rxe8 35.b5 Nb4 36.h3 Re3 37.Rc8+ Kg7 38.Rc7+ Kf6 39.Bc4 Rc3 40.b6 
Rc1+ 41.Kh2 Nc6 42.Bg8 Rb1 43.Rxb7 Ne7 44.Bxh7 Rb4 45.g3 g5 46.Bd3 Nd5 47.
Rd7 Nxb6 48.Rd6+ Ke5 49.Rg6 Kd4 50.Bf1 Rb1 51.Ba6 Nd5 52.Rxg5 Rb2+ 53.Kg1 
Rb1+ 54.Kf2 Rb2+ 55.Kf3 Rb3+ 56.Kg4 Nf6+ 57.Kh4 Rb8 58.Be2 Rh8+ 59.Bh5 Rh7
60.Rf5 Rh6 61.Kg5 Rxh5+ 62.Kxf6 Rxh3 63.g4 Rh6+ 64.Kg7 Rh4 65.g5 Ke4 66.
Rf1 Ke5 67.g6 Ke6 68.Re1+ Kd7 69.Kf7 Rg4 70.Rd1+ 1-0

[Event "LXVI C.to Italiano"]
[Site "Cremona ITA"]
[Date "2006.11.27"]
[Round "6"]
[White "Sarno, Spartaco"]
[Black "Piscopo, Pierluigi"]
[Result "0-1"]
[WhiteElo "2354"]
[BlackElo "2380"]
[PlyCount "68"]
[EventDate "2006.11.22"]

1.c4 e5 2.Nc3 Nf6 3.Nf3 Nc6 4.g3 d5 5.cxd5 Nxd5 6.Bg2 Nb6 7.O-O Be7 8.d3 
O-O 9.a3 Be6 10.b4 a5 11.b5 Nd4 12.Nd2 c6 13.bxc6 Nxc6 14.Rb1 Rb8 15.Nde4 
Nd5 16.Nxd5 Bxd5 17.Rb5 Kh8 18.Be3 b6 19.Qb1 Nd4 20.Bxd4 exd4 21.Nd2 Bxg2 
22.Kxg2 Bxa3 23.Qa2 Qe8 24.Rfb1 Bb4 25.R5xb4 axb4 26.Nf3 Ra8 27.Qd2 Ra4 
28.Rxb4 Qc6 29.Rxa4 Qxa4 30.Qb2 Rb8 31.Nxd4 b5 32.Nf5 f6 33.e4 b4 34.g4 
Qd1 0-1

[Event "LXVI C.to Italiano"]
[Site "Cremona ITA"]
[Date "2006.11.29"]
[Round "7"]
[White "Contin, Daniel"]
[Black "Sarno, Spartaco"]
[Result "1-0"]
[WhiteElo "2386"]
[BlackElo "2354"]
[PlyCount "63"]
[EventDate "2006.11.22"]

1.Nf3 d6 2.g3 e5 3.Bg2 g6 4.O-O Bg7 5.c4 Nc6 6.Nc3 Nf6 7.d3 O-O 8.Rb1 a5 
9.a3 h6 10.b4 axb4 11.axb4 Be6 12.b5 Ne7 13.Bb2 Qd7 14.Re1 Bh3 15.Bh1 Ng4 
16.d4 Qf5 17.e4 Qh5 18.dxe5 dxe5 19.Nd5 Nxd5 20.exd5 Rae8 21.b6 cxb6 22.
Ba3 f5 23.Bxf8 Bxf8 24.d6 g5 25.Nxe5 Rxe5 26.Rxe5 Bf1 27.Qd5+ Kg7 28.Kxf1 
Qxh2 29.Rxf5 Bxd6 30.Qf7+ Kh8 31.Qe8+ Kg7 32.Rf7+ 1-0

[Event "LXVI C.to Italiano"]
[Site "Cremona ITA"]
[Date "2006.11.29"]
[Round "7"]
[White "Piscopo, Pierluigi"]
[Black "Garcia Palermo, Carlos Horacio"]
[Result "0-1"]
[WhiteElo "2380"]
[BlackElo "2452"]
[PlyCount "90"]
[EventDate "2006.11.22"]

1.e4 c6 2.d4 d5 3.e5 Bf5 4.Nc3 e6 5.Bd3 Ne7 6.Nf3 Qb6 7.O-O Bxd3 8.Qxd3 
Qa6 9.Qd1 Nd7 10.a4 Ng6 11.Ng5 Be7 12.f4 O-O 13.f5 exf5 14.Rxf5 Rae8 15.a5
b5 16.Qd3 Qc8 17.Qh3 Bxg5 18.Bxg5 b4 19.Na4 c5 20.Bd2 Qc6 21.Nxc5 Nxc5 22.
Bxb4 Ne4 23.Bxf8 Nxf8 24.Qb3 Ne6 25.Qd3 g6 26.Rff1 Rb8 27.b3 Qc3 28.Rfd1 
Rb4 29.Qxc3 Nxc3 30.Rd3 Nxd4 31.Rf1 Nde2+ 32.Kh1 Re4 33.Rdf3 f5 34.exf6 
Kf7 35.g3 d4 36.Ra1 a6 37.b4 Nb5 38.Raf1 Nec3 39.Rf4 Rxf4 40.Rxf4 Nd5 41.
Re4 Kxf6 42.g4 Nxb4 43.c4 dxc3 44.Rxb4 c2 45.Rc4 Na3 0-1

[Event "LXVI C.to Italiano"]
[Site "Cremona ITA"]
[Date "2006.11.29"]
[Round "7"]
[White "Vocaturo, Daniele"]
[Black "Godena, Michele"]
[Result "0-1"]
[WhiteElo "2441"]
[BlackElo "2522"]
[PlyCount "82"]
[EventDate "2006.11.22"]

1.e4 e5 2.Nf3 Nc6 3.Bb5 a6 4.Ba4 Nf6 5.O-O b5 6.Bb3 Bc5 7.c3 d6 8.a4 Rb8 
9.d4 Bb6 10.axb5 axb5 11.Na3 O-O 12.Nxb5 Bg4 13.d5 Ne7 14.Bc2 Ng6 15.h3 
Bxh3 16.gxh3 Qd7 17.c4 Qxh3 18.Ng5 Qg3+ 19.Kh1 Qh4+ 20.Kg2 Nf4+ 21.Bxf4 
exf4 22.Nh3 g5 23.Ra3 Ng4 24.Rh1 Nxf2 25.Nxf2 Qxf2+ 26.Kh3 f5 27.exf5 Qh4+
28.Kg2 Qf2+ 29.Kh3 Rbe8 30.Rf3 Re3 31.Rxe3 Qxe3+ 32.Kg4 h5+ 33.Kxh5 Kf7 
34.f6 Rh8+ 35.Kg4 Kxf6 36.Qe1 Rh4+ 37.Rxh4 Qxe1 38.Rh6+ Kg7 39.Rh7+ Kg8 
40.Bg6 Qg3+ 41.Kf5 f3 0-1

[Event "LXVI C.to Italiano"]
[Site "Cremona ITA"]
[Date "2006.11.30"]
[Round "8"]
[White "Borgo, Giulio"]
[Black "Scalcione, Michelangelo"]
[Result "1-0"]
[WhiteElo "2420"]
[BlackElo "2325"]
[PlyCount "85"]
[EventDate "2006.11.22"]

1.e4 d6 2.Nf3 Nf6 3.c3 Nbd7 4.Qc2 g6 5.d4 Bg7 6.Bc4 c6 7.Bb3 O-O 8.O-O b6 
9.Re1 e5 10.Bg5 Bb7 11.Nbd2 Qc7 12.Rad1 b5 13.dxe5 dxe5 14.c4 Rac8 15.a3 
Nc5 16.Ba2 Qe7 17.h3 a5 18.Nb3 Nxb3 19.Bxb3 h6 20.Bd2 a4 21.Ba2 Rfd8 22.
Rc1 Nd7 23.Ba5 Re8 24.Qe2 Ra8 25.Qd2 Qe6 26.cxb5 Qxa2 27.bxc6 Bxc6 28.Rxc6
Nf8 29.Bc3 Ne6 30.Nxe5 Rad8 31.Rd6 Rc8 32.Rd5 Rxc3 33.Qxc3 Nf4 34.Qc7 Rf8 
35.Rd8 Rxd8 36.Qxd8+ Kh7 37.Nd3 Nxd3 38.Qxd3 Bxb2 39.Re3 Be5 40.g3 Qa1+ 
41.Kg2 Bd4 42.Rf3 Kg7 43.Qc4 1-0

[Event "LXVI C.to Italiano"]
[Site "Cremona ITA"]
[Date "2006.11.30"]
[Round "8"]
[White "Bruno, Fabio"]
[Black "Piscopo, Pierluigi"]
[Result "1-0"]
[WhiteElo "2408"]
[BlackElo "2380"]
[PlyCount "115"]
[EventDate "2006.11.22"]

1.Nf3 Nf6 2.g3 Nc6 3.d4 d6 4.Bg2 e5 5.c4 Be7 6.Nc3 O-O 7.O-O a6 8.d5 Na7 
9.Ne1 c5 10.Qc2 b5 11.b3 Nd7 12.e4 Bf6 13.Nd3 Nb6 14.Nd1 Bd7 15.a4 bxc4 
16.bxc4 a5 17.N3b2 Nac8 18.Nc3 Be8 19.Nb5 Nd7 20.Bd2 Nb8 21.Qc3 Bg5 22.
Bxg5 Qxg5 23.f4 Qe7 24.fxe5 dxe5 25.Nd3 f6 26.Rab1 Bg6 27.Rfe1 Nb6 28.d6 
Qf7 29.Nc7 N8d7 30.Bh3 Rfe8 31.Nxa8 Rxa8 32.Bxd7 Nxd7 33.Nf2 Nf8 34.Qd3 
Qa7 35.Rb5 Bf7 36.Reb1 Rd8 37.Rb7 Qa6 38.R1b6 Qxc4 39.Qxc4 Bxc4 40.Ra7 Be2
41.Rb2 Bf3 42.Rb3 Be2 43.Rxa5 Ne6 44.Rb2 Bc4 45.Ra7 h5 46.d7 Kf8 47.Nd1 g6
48.Nc3 f5 49.a5 Ke7 50.a6 fxe4 51.Nxe4 Bd5 52.Nc3 Bc6 53.Rb6 Rxd7 54.Rxd7+
Kxd7 55.Nb5 Nd4 56.Nxd4 exd4 57.a7 d3 58.Kf2 1-0

[Event "LXVI C.to Italiano"]
[Site "Cremona ITA"]
[Date "2006.11.30"]
[Round "8"]
[White "Garcia Palermo, Carlos Horacio"]
[Black "Contin, Daniel"]
[Result "1/2-1/2"]
[WhiteElo "2452"]
[BlackElo "2386"]
[PlyCount "64"]
[EventDate "2006.11.22"]

1.d4 Nf6 2.Nf3 e6 3.e3 c5 4.Bd3 Nc6 5.O-O d5 6.b3 Qc7 7.Bb2 Bd6 8.Nc3 a6 
9.dxc5 Bxc5 10.e4 O-O 11.exd5 exd5 12.Qd2 Be6 13.Nb5 Qe7 14.Nbd4 Nxd4 15.
Nxd4 Ne4 16.Bxe4 dxe4 17.Nxe6 fxe6 18.Qe2 Rad8 19.Rae1 Rf5 20.Qxe4 Rd2 21.
Re2 Rf4 22.Qxf4 Rxe2 23.Qc4 Rd2 24.Bc1 b5 25.Qe4 Rd5 26.g3 Qf6 27.Be3 Qf5 
28.Qxf5 exf5 29.c4 bxc4 30.bxc4 Re5 31.Re1 Re4 32.Kf1 Rxc4 1/2-1/2

[Event "LXVI C.to Italiano"]
[Site "Cremona ITA"]
[Date "2006.11.30"]
[Round "8"]
[White "Godena, Michele"]
[Black "Brunello, Sabino"]
[Result "1/2-1/2"]
[WhiteElo "2522"]
[BlackElo "2460"]
[PlyCount "31"]
[EventDate "2006.11.22"]

1.e4 e5 2.Nf3 Nc6 3.Bc4 Bc5 4.c3 Nf6 5.d3 a6 6.Bb3 O-O 7.O-O d6 8.h3 Ba7 
9.Re1 h6 10.Nbd2 Nh5 11.Nf1 Qf6 12.Be3 Nf4 13.Bxa7 Rxa7 14.Ne3 Ra8 15.Kh2 
Ne7 16.Ng1 1/2-1/2

[Event "LXVI C.to Italiano"]
[Site "Cremona ITA"]
[Date "2006.12.01"]
[Round "9"]
[White "Brunello, Sabino"]
[Black "Manca, Federico"]
[Result "0-1"]
[WhiteElo "2460"]
[BlackElo "2425"]
[PlyCount "44"]
[EventDate "2006.11.22"]

1.e4 d6 2.d4 Nf6 3.Nc3 g6 4.Be3 c6 5.Qd2 b5 6.f3 Nbd7 7.O-O-O Nb6 8.b3 Qc7
9.g4 h5 10.g5 Nfd7 11.e5 dxe5 12.dxe5 Nxe5 13.Bd4 Bg7 14.f4 Bg4 15.Be2 
O-O-O 16.fxe5 Bxe5 17.Bxg4+ hxg4 18.Nge2 Rxd4 19.Qe1 Rxd1+ 20.Qxd1 Rxh2 
21.Rxh2 Bxh2 22.Nd4 Qd7 0-1

[Event "LXVI C.to Italiano"]
[Site "Cremona ITA"]
[Date "2006.12.01"]
[Round "9"]
[White "Contin, Daniel"]
[Black "Bruno, Fabio"]
[Result "0-1"]
[WhiteElo "2386"]
[BlackElo "2408"]
[PlyCount "80"]
[EventDate "2006.11.22"]

1.Nf3 Nf6 2.c4 e6 3.g3 b6 4.Bg2 Bb7 5.O-O c5 6.b3 Be7 7.Bb2 O-O 8.d4 cxd4 
9.Qxd4 d6 10.Nc3 a6 11.Rfd1 Nbd7 12.Ng5 Bxg2 13.Kxg2 Qc7 14.Nge4 Rfd8 15.
Rac1 Ne8 16.f3 Qb7 17.Ba3 Ne5 18.Bb2 b5 19.Nd2 f5 20.Qe3 Bf6 21.c5 Kf7 22.
Kf1 d5 23.Qf2 Nc6 24.f4 d4 25.Ncb1 Nb4 26.Nf3 Nxa2 27.c6 Qb6 28.Rxd4 Bxd4 
29.Bxd4 Rxd4 30.Re1 Rad8 31.Qe3 h6 32.Ne5+ Kg8 33.Na3 Qc7 34.Nc2 R4d5 35.
Ra1 Rd1+ 36.Rxd1 Rxd1+ 37.Kf2 Nf6 38.b4 Nc3 39.Kg2 Nfe4 40.Nd4 Nd5 0-1

[Event "LXVI C.to Italiano"]
[Site "Cremona ITA"]
[Date "2006.12.01"]
[Round "9"]
[White "Piscopo, Pierluigi"]
[Black "Godena, Michele"]
[Result "1/2-1/2"]
[WhiteElo "2380"]
[BlackElo "2522"]
[PlyCount "55"]
[EventDate "2006.11.22"]

1.e4 e5 2.Nf3 Nc6 3.Bb5 a6 4.Ba4 Nf6 5.d4 exd4 6.O-O Be7 7.Re1 b5 8.Bb3 d6
9.Bd5 Nxd5 10.exd5 Ne5 11.Nxd4 O-O 12.a4 Bg4 13.Qd2 Bd7 14.Nc3 bxa4 15.
Nxa4 Bh4 16.Nc3 Re8 17.Ne4 f5 18.Ng3 Qf6 19.b3 Bxg3 20.hxg3 Nf3+ 21.gxf3 
Rxe1+ 22.Qxe1 Qxd4 23.Ra5 Re8 24.Be3 Qb2 25.Qd1 Qc3 26.Ra1 Bc8 27.Bd4 Qb4 
28.c3 1/2-1/2